000 00781nam a22002417a 4500
999 _c20274
_d20274
003 AR-CdUCM
008 190528b ||||| |||| 00| 0 spa d
040 _aMUNICIPALIDAD PROVINCIAL DEL CUSCO
_cBIBLIOTECA MUNICIPAL DEL CUSCO
082 _a515.4 /
_bV42
100 _aVenero B., J. Armando
_942368
245 _aAnálisis matemático /
260 _aLima :
_bHozlo,
_c1989.
300 _a698 páginas ;
_c21 cm.
505 _aContenido: Análisis matemático.
650 _aAnálisis
_92730
650 _aCálculo diferencial
_937153
650 _aCálculo integral
_920823
700 _aCañamero, Jose P, Miguel
_942369
700 _aLutgardo Yañez, Alberto
_942370
700 _aVenero de Lutgardo, R. Isabel
_942371
942 _2ddc
_cLIBROS
945 _adavv
_d2019-05-28